000 01003nam a2200229 i 4500
001 53844
003 ES-MaACL
005 20240615063028.0
007 t|
008 931025s1844 sp ||||1| spa d
080 _a930:061.22(460.27 M.)
100 1 _aFernández de Navarrete, Martín,
_d1765-1844
_949698
245 1 0 _aDiscurso leído a la Real Academia de la Historia por su director el Excmo. Sr. D. Martín Fernández de Navarrete en Junta de 15 de diciembre de 1843 al terminar el trienio de su dirección, en cumplimiento de lo mandado en los Estatutos.
260 _aMadrid :
_b[s.n.],
_c1844 (
_fImp. de D. Eusebio Aguado)
300 _a44 p. ;
_c21 cm.
530 _aDisponible en formato digital.
710 2 _aReal Academia de la Historia (España)
_96309
852 4 _aES-MaACL
_jT-21-F-8
_955897
_cDEPOF
856 4 _uhttp://bdh-rd.bne.es/viewer.vm?id=0000168509&page=1
_yVersión en línea
_zBiblioteca Digital Hispánica
942 _2udc
999 _c53844
_d53844